The Ecumenical review. (Record no. 44732)
[ view plain ]
| 000 -LEADER | |
|---|---|
| fixed length control field | 01894cas a2200529 a 4500 |
| 001 - CONTROL NUMBER | |
| control field | 11145615 |
| 003 - CONTROL NUMBER IDENTIFIER | |
| control field | OSt |
| 005 - DATE AND TIME OF LATEST TRANSACTION | |
| control field | 20150616105318.0 |
| 007 - PHYSICAL DESCRIPTION FIXED FIELD--GENERAL INFORMATION | |
| fixed length control field | t| |
| 008 - FIXED-LENGTH DATA ELEMENTS--GENERAL INFORMATION | |
| fixed length control field | 750824c19489999sz qr p 0 a0eng c |
| 010 ## - LIBRARY OF CONGRESS CONTROL NUMBER | |
| LC control number | 51032992 |
| 015 ## - NATIONAL BIBLIOGRAPHY NUMBER | |
| National bibliography number | 010066918 |
| Source | dnb |
| 016 7# - NATIONAL BIBLIOGRAPHIC AGENCY CONTROL NUMBER | |
| Record control number | 010066918 |
| Source | DE-101 |
| 016 7# - NATIONAL BIBLIOGRAPHIC AGENCY CONTROL NUMBER | |
| Record control number | 4471-4 |
| Source | DE-600 |
| 016 7# - NATIONAL BIBLIOGRAPHIC AGENCY CONTROL NUMBER | |
| Record control number | 100972703 |
| Source | DNLM |
| 016 7# - NATIONAL BIBLIOGRAPHIC AGENCY CONTROL NUMBER | |
| Record control number | 007846665 |
| Source | Uk |
| 022 ## - INTERNATIONAL STANDARD SERIAL NUMBER | |
| International Standard Serial Number | 0013-0796 |
| Source | z |
| 035 ## - SYSTEM CONTROL NUMBER | |
| System control number | (OCoLC)ocm01567448 |
| 037 ## - SOURCE OF ACQUISITION | |
| Source of stock number/acquisition | Publications Office, World Council of Churches, 150 route de Ferney, 1211 Geneva 20, Switzerland. |
| 040 ## - CATALOGING SOURCE | |
| Original cataloging agency | MnMULS |
| Language of cataloging | eng |
| Transcribing agency | MnMULS |
| Modifying agency | MBTI |
| -- | NSDP |
| -- | N |
| -- | InU |
| -- | AIP |
| -- | NSDP |
| -- | DLC |
| -- | NST |
| -- | DLC |
| -- | MH |
| -- | PBL |
| -- | DNLM |
| -- | OCoLC |
| -- | ATLA |
| -- | NLGGC |
| -- | ATLA |
| -- | CU-S |
| -- | OCoLC |
| -- | HEBIS |
| -- | DE-MnBSB |
| -- | GBVCP |
| -- | GWDNB |
| -- | UKMGB |
| -- | OCoLC |
| 042 ## - AUTHENTICATION CODE | |
| Authentication code | nsdp |
| -- | pcc |
| 050 00 - LIBRARY OF CONGRESS CALL NUMBER | |
| Classification number | BX1 |
| Item number | .E3 |
| 082 04 - DEWEY DECIMAL CLASSIFICATION NUMBER | |
| Classification number | 280 |
| 210 0# - ABBREVIATED TITLE | |
| Abbreviated title | Ecum. rev. |
| 222 #4 - KEY TITLE | |
| Key title | The Ecumenical review |
| 245 04 - TITLE STATEMENT | |
| Title | The Ecumenical review. |
| 260 ## - PUBLICATION, DISTRIBUTION, ETC. (IMPRINT) | |
| Place of publication, distribution, etc | [Geneva] : |
| Name of publisher, distributor, etc | World Council of Churches |
| 300 ## - PHYSICAL DESCRIPTION | |
| Extent | volumes ; |
| Dimensions | 25 cm |
| 310 ## - CURRENT PUBLICATION FREQUENCY | |
| Current publication frequency | Quarterly |
| 362 1# - DATES OF PUBLICATION AND/OR SEQUENTIAL DESIGNATION | |
| Dates of publication and/or sequential designation | Began with: Vol. 1, no. 1 (autumn 1948). |
| 550 ## - ISSUING BODY NOTE | |
| Issuing body note | The quarterly of the World Council of Churches. |
| 650 #0 - SUBJECT ADDED ENTRY--TOPICAL TERM | |
| Topical term or geographic name as entry element | Ecumenical movement |
| Form subdivision | Periodicals. |
| 650 17 - SUBJECT ADDED ENTRY--TOPICAL TERM | |
| Topical term or geographic name as entry element | Oecumene. |
| Source of heading or term | gtt |
| 650 07 - SUBJECT ADDED ENTRY--TOPICAL TERM | |
| Topical term or geographic name as entry element | Ökumenische Bewegung. |
| Source of heading or term | swd |
| 650 07 - SUBJECT ADDED ENTRY--TOPICAL TERM | |
| Topical term or geographic name as entry element | Zeitschrift. |
| Source of heading or term | swd |
| 710 2# - ADDED ENTRY--CORPORATE NAME | |
| Corporate name or jurisdiction name as entry element | World Council of Churches. |
| 776 08 - ADDITIONAL PHYSICAL FORM ENTRY | |
| Display text | Microfilm version: |
| Title | Ecumenical review |
| Record control number | (OCoLC)3554967 |
| 776 08 - ADDITIONAL PHYSICAL FORM ENTRY | |
| Display text | Online version: |
| Title | Ecumenical review (Online) |
| Record control number | (DLC) 2004221964 |
| -- | (OCoLC)38949941 |
| 780 05 - PRECEDING ENTRY | |
| Title | Christendom |
| Relationship information | winter 1949 |
| International Standard Serial Number | 0190-4043 |
| Record control number | (DLC) 38003178 |
| -- | (OCoLC)1554424 |
| 906 ## - LOCAL DATA ELEMENT F, LDF (RLIN) | |
| a | 7 |
| b | cbc |
| c | serials |
| d | u |
| e | ncip |
| f | 19 |
| g | n-oclcserc |
| 942 ## - ADDED ENTRY ELEMENTS (KOHA) | |
| Source of classification or shelving scheme | Library of Congress Classification |
| Koha item type | Serials |
| Withdrawn status | Lost status | Source of classification or shelving scheme | Damaged status | Not for loan | Home library | Current library | Date acquired | Total Checkouts | Full call number | Barcode | Date last seen | Price effective from | Koha item type |
|---|---|---|---|---|---|---|---|---|---|---|---|---|---|
| Library of Congress Classification | Bishop Okullu Memorial Library (Limuru Campus) | Bishop Okullu Memorial Library (Limuru Campus) | 16/06/2015 | BX1 .E3 | SER0053 | 16/06/2015 | 16/06/2015 | Serials |